[Event "Barranquilla op"]
[Site "Barranquilla"]
[Date "2025.02.28"]
[Round "8"]
[White "Acuna, Nelson David"]
[Black "Varela Sanchez, David Yoel"]
[Result "1-0"]
[WhiteElo "1929"]
[BlackElo "1836"]
[PlyCount "59"]
[EventDate "2025.02.24"]
[EventType "swiss"]
[EventRounds "8"]
[EventCountry "COL"]
[SourceTitle "CB10_2025"]
[SourceDate "2025.03.05"]
[SourceVersion "1"]
[SourceVersionDate "2025.03.05"]
[SourceQuality "1"]

1. e4 c5 2. Nf3 e6 3. d4 cxd4 4. Nxd4 Nf6 5. Bd3 Nc6 6. Nxc6 bxc6 7. 0-0 d5 8. Nc3 a5 9. Qe2 Be7 10. Bf4 Qb6 11. Rab1 Ba6 12. Kh1 Bxd3 13. cxd3 0-0 14. h3 Nd7 15. exd5 cxd5 16. Nxd5 Qc5 17. Nc7 Rad8 18. Rbc1 Qf5 19. Qe4 Nc5 20. Qxf5 exf5 21. Rce1 Rd7 22. d4 Rxd4 23. Rxe7 Rxf4 24. Re5 Nb7 25. Nd5 Ra4 26. a3 g6 27. Rc1 Kg7 28. Rc7 Rb8 29. Nc3 Rd4 30. Rb5 1-0

[Event "Cienaga op"]
[Site "Cienaga"]
[Date "2024.12.17"]
[Round "4"]
[White "Payares Diaz, Alejandro"]
[Black "Acuna, Nelson David"]
[Result "1-0"]
[WhiteElo "1792"]
[BlackElo "1951"]
[PlyCount "81"]
[EventDate "2024.12.15"]
[EventType "swiss"]
[EventRounds "9"]
[EventCountry "COL"]
[SourceTitle "CB52_2024"]
[SourceDate "2024.12.25"]
[SourceVersion "1"]
[SourceVersionDate "2024.12.25"]
[SourceQuality "1"]

1. Nf3 c5 2. g3 Nc6 3. Bg2 g6 4. 0-0 Bg7 5. d3 Nf6 6. e4 0-0 7. Re1 d6 8. c3 e5 9. h3 Re8 10. Nbd2 b5 11. a4 b4 12. c4 a5 13. b3 Ra7 14. Nf1 h6 15. Ne3 Nd4 16. Bb2 Rae7 17. Nd2 Bb7 18. Nd5 Nxd5 19. cxd5 f5 20. Bxd4 exd4 21. Rf1 Ba6 22. Nc4 fxe4 23. Bxe4 Bxc4 24. bxc4 Rxe4 25. dxe4 Rxe4 26. Re1 Qe7 27. Rxe4 Qxe4 28. Qg4 Qe5 29. Qxg6 Kf8 30. Qd3 h5 31. Kf1 Qe8 32. Re1 Qf7 33. Re6 Be5 34. Ke2 h4 35. g4 Qf4 36. Qh7 Qf7 37. Qxh4 d3+ 38. Kf1 d2 39. Qh6+ Bg7 40. Qxd2 Qf3 41. Qg5 1-0

[Event "American Continental 18th"]
[Site "Medellin"]
[Date "2024.05.27"]
[Round "5"]
[White "Acuna, Nelson David"]
[Black "Garzon Camelo, Andres Santiago"]
[Result "1-0"]
[WhiteElo "1934"]
[BlackElo "2099"]
[PlyCount "113"]
[EventDate "2024.05.24"]
[EventType "swiss"]
[EventRounds "11"]
[EventCountry "COL"]
[SourceTitle "CBM 220 Extra"]
[Source "ChessBase"]
[SourceDate "2024.07.31"]
[SourceVersion "1"]
[SourceVersionDate "2024.07.31"]
[SourceQuality "1"]

1. e4 e5 2. Nf3 Nc6 3. Bc4 Bc5 4. 0-0 d6 5. d3 h6 6. c3 Nf6 7. a4 a5 8. Nbd2 0-0 9. h3 Ba7 10. Re1 Ne7 11. Nf1 Ng6 12. d4 Re8 13. Ng3 c6 14. Bb3 Qc7 15. Qc2 d5 16. exd5 cxd5 17. dxe5 Nxe5 18. Rxe5 Rxe5 19. Bf4 Re1+ 20. Rxe1 Qxf4 21. Nh5 Qd6 22. Nxf6+ gxf6 23. Re8+ Kg7 24. Qe2 Rb8 25. Nd4 Bxd4 26. cxd4 Be6 27. Rxb8 Qxb8 28. Qb5 Qf4 29. Bxd5 Qc1+ 30. Kh2 Bxd5 31. Qxd5 Qxb2 32. Qxa5 Qxd4 33. Kg3 h5 34. Qxh5 Qxa4 35. Qg4+ Qxg4+ 36. Kxg4 Kg6 37. h4 b6 38. f4 f5+ 39. Kf3 Kh5 40. g3 f6 41. Ke3 Kg4 42. Kd4 b5 43. Kc5 Kxg3 44. h5 Kxf4 45. h6 Ke3 46. h7 f4 47. h8Q f3 48. Qxf6 f2 49. Qe5+ Kf3 50. Qd5+ Ke2 51. Qe4+ Kf1 52. Kd4 Kg1 53. Qg4+ Kh1 54. Qf3+ Kg1 55. Qg3+ Kh1 56. Qxf2 b4 57. Ke3 1-0

[Event "American Continental 18th"]
[Site "Medellin"]
[Date "2024.05.27"]
[Round "6"]
[White "Echavarria, Johann"]
[Black "Acuna, Nelson David"]
[Result "1-0"]
[WhiteElo "2277"]
[BlackElo "1934"]
[PlyCount "43"]
[EventDate "2024.05.24"]
[EventType "swiss"]
[EventRounds "11"]
[EventCountry "COL"]
[SourceTitle "CBM 220 Extra"]
[Source "ChessBase"]
[SourceDate "2024.07.31"]
[SourceVersion "1"]
[SourceVersionDate "2024.07.31"]
[SourceQuality "1"]

1. d4 Nf6 2. c4 e6 3. Nf3 b6 4. g3 Ba6 5. b3 Bb4+ 6. Bd2 Be7 7. Nc3 c6 8. e4 d5 9. Bd3 dxe4 10. Nxe4 Bb7 11. Qe2 0-0 12. Bc3 Na6 13. 0-0 c5 14. Rad1 Qc7 15. d5 Nxe4 16. Bxe4 exd5 17. Bxd5 Rae8 18. Rfe1 Bc6 19. Qb2 Bxd5 20. cxd5 f6 21. Qe2 Qc8 22. d6 1-0

[Event "American Continental 18th"]
[Site "Medellin"]
[Date "2024.05.25"]
[Round "3"]
[White "Acuna, Nelson David"]
[Black "Pardo Useche, Laura Valentina"]
[Result "1/2-1/2"]
[WhiteElo "1934"]
[BlackElo "1746"]
[PlyCount "97"]
[EventDate "2024.05.24"]
[EventType "swiss"]
[EventRounds "11"]
[EventCountry "COL"]
[SourceTitle "CBM 220 Extra"]
[Source "ChessBase"]
[SourceDate "2024.07.31"]
[SourceVersion "1"]
[SourceVersionDate "2024.07.31"]
[SourceQuality "1"]

1. e4 c5 2. Nf3 d6 3. d4 cxd4 4. Nxd4 Nf6 5. Nc3 a6 6. Bg5 e6 7. f4 Be7 8. Qf3 Nc6 9. 0-0-0 Nxd4 10. Rxd4 Qb6 11. Rd2 Bd7 12. Qg3 Qc7 13. Be2 Bc6 14. e5 dxe5 15. fxe5 Nd5 16. Nxd5 Bxd5 17. Bxe7 Qxe7 18. Bf3 0-0 19. Bxd5 exd5 20. Rxd5 Rad8 21. Rhd1 Rxd5 22. Rxd5 Rd8 23. Rd6 g6 24. Qd3 Re8 25. Rd5 Qg5+ 26. Qd2 Qf5 27. b3 Rxe5 28. Rd8+ Kg7 29. Qd4 Qf6 30. Kb2 Re6 31. h4 Qxd4+ 32. Rxd4 Kf6 33. g4 Re7 34. a4 h6 35. b4 Ke5 36. c3 f5 37. Kc2 fxg4 38. Rxg4 Kf5 39. Rd4 g5 40. hxg5 hxg5 41. Rd8 g4 42. Rf8+ Kg5 43. Kd2 Kh4 44. Rg8 Kh3 45. Kd3 g3 46. c4 g2 47. b5 axb5 48. axb5 Re5 49. Kd4 1/2-1/2

[Event "Barranquilla Carnaval Cup"]
[Site "Barranquilla"]
[Date "2024.02.07"]
[Round "9"]
[White "Basilio Santos, Eleazar"]
[Black "Acuna, Nelson David"]
[Result "1-0"]
[WhiteElo "1634"]
[BlackElo "1908"]
[PlyCount "81"]
[EventDate "2024.02.03"]
[EventType "swiss"]
[EventRounds "9"]
[EventCountry "COL"]
[SourceTitle "CBM 218 Extra"]
[Source "ChessBase"]
[SourceDate "2024.03.31"]
[SourceVersion "1"]
[SourceVersionDate "2024.03.31"]
[SourceQuality "1"]

1. d4 d5 2. Bf4 Nf6 3. e3 c5 4. Nf3 Nc6 5. c3 e6 6. Bd3 cxd4 7. exd4 Bd6 8. Bg5 0-0 9. 0-0 h6 10. Bh4 Re8 11. Nbd2 e5 12. dxe5 Nxe5 13. Nxe5 Bxe5 14. Nf3 Bf4 15. Qa4 Bd6 16. Bxf6 gxf6 17. Qh4 Bf8 18. Nd4 f5 19. Qxd8 Rxd8 20. Nxf5 Be6 21. Rfd1 a5 22. Nd4 a4 23. a3 Rd6 24. Rd2 Bg7 25. Nf5 Rb6 26. Nxg7 Kxg7 27. Rad1 Re8 28. Be2 Rd8 29. Bf3 Rb5 30. c4 Rb6 31. cxd5 Bf5 32. h3 Rbd6 33. Rd4 b5 34. Rc1 Bd7 35. Rc5 Re8 36. Kf1 Re5 37. Be2 Rb6 38. Rb4 Rd6 39. Bxb5 Rexd5 40. Rxd5 Rxd5 41. Bxd7 1-0

[Event "Barranquilla Carnaval Cup"]
[Site "Barranquilla"]
[Date "2024.02.06"]
[Round "6"]
[White "Acuna, Nelson David"]
[Black "Narvaez Ramirez, Faber Alberto"]
[Result "0-1"]
[WhiteElo "1908"]
[BlackElo "2067"]
[PlyCount "90"]
[EventDate "2024.02.03"]
[EventType "swiss"]
[EventRounds "9"]
[EventCountry "COL"]
[SourceTitle "CBM 218 Extra"]
[Source "ChessBase"]
[SourceDate "2024.03.31"]
[SourceVersion "1"]
[SourceVersionDate "2024.03.31"]
[SourceQuality "1"]

1. e4 e6 2. d4 d5 3. e5 c5 4. c3 Nc6 5. Nf3 Qb6 6. dxc5 Bxc5 7. Qc2 a5 8. Bd3 Nge7 9. 0-0 Ng6 10. Qe2 Bd7 11. a4 0-0 12. Na3 f6 13. Bxg6 hxg6 14. Bf4 g5 15. Bg3 Ne7 16. exf6 gxf6 17. Nb5 Bxb5 18. axb5 Nf5 19. Nd2 a4 20. Bc7 Qxc7 21. Qxe6+ Kg7 22. Qxf5 Rh8 23. Nf3 a3 24. bxa3 Bxa3 25. Rad1 Rad8 26. Rfe1 Rh6 27. g3 Bc5 28. Rxd5 Rxd5 29. Qxd5 g4 30. Nh4 Rxh4 31. gxh4 g3 32. hxg3 Qxg3+ 33. Kh1 Qxh4+ 34. Kg2 Qxf2+ 35. Kh3 Qxe1 36. Qxc5 Qf1+ 37. Kg3 Qd3+ 38. Kf4 Kg6 39. b6 Qd2+ 40. Ke4 Qg2+ 41. Kd3 Qf1+ 42. Kc2 Qf5+ 43. Qxf5+ Kxf5 44. Kd3 Ke5 45. c4 Kd6 0-1

[Event "COL-ch"]
[Site "Cartagena"]
[Date "2023.06.09"]
[Round "3"]
[White "Caballero Marrugo, Maria Jose"]
[Black "Acuna, Nelson David"]
[Result "0-1"]
[WhiteElo "1542"]
[BlackElo "1978"]
[PlyCount "80"]
[EventDate "2023.06.08"]
[EventType "swiss"]
[EventRounds "9"]
[EventCountry "COL"]
[SourceTitle "CBM 215 Extra"]
[Source "ChessBase"]
[SourceDate "2023.09.30"]
[SourceVersion "1"]
[SourceVersionDate "2023.09.30"]
[SourceQuality "1"]

1. e4 c5 2. Nf3 Nc6 3. g3 g6 4. Bg2 Bg7 5. 0-0 d6 6. d3 e5 7. Nc3 Nge7 8. Re1 0-0 9. Bg5 h6 10. Be3 Nd4 11. Ne2 Bg4 12. Bxd4 cxd4 13. c3 dxc3 14. Nxc3 Qd7 15. Qb3 Nc6 16. Qa4 b5 17. Qxb5 Rab8 18. Qa4 Rxb2 19. Nd5 Kh7 20. Rec1 Rc8 21. Ne3 Bxf3 22. Bxf3 Rb4 23. Qc2 Ne7 24. Qd2 Rcb8 25. Qc3 R8b7 26. a3 Rb3 27. Qc4 Ng8 28. Bg4 Qd8 29. Bc8 Rb8 30. Bg4 Nf6 31. Qxf7 Rxd3 32. Rc7 Qf8 33. Rxa7 Nxe4 34. h4 Nxg3 35. h5 Qxf7 36. Rxf7 Nxh5 37. Nf5 Kg8 38. Rd7 gxf5 39. Bxh5 e4 40. Bg6 Bxa1 0-1

[Event "COL-chT"]
[Site "Medellin"]
[Date "2021.12.09"]
[Round "1.3"]
[White "Acuna, Nelson David"]
[Black "Lopez Rayo, Santiago"]
[Result "0-1"]
[WhiteElo "1982"]
[BlackElo "2139"]
[PlyCount "48"]
[EventDate "2021.12.09"]
[EventType "team-swiss"]
[EventRounds "6"]
[EventCountry "COL"]
[SourceTitle "CBM 205 Extra"]
[Source "ChessBase"]
[SourceDate "2022.01.31"]
[SourceVersion "1"]
[SourceVersionDate "2022.01.31"]
[SourceQuality "1"]
[WhiteTeam "Liga Atlantico Abs"]
[BlackTeam "Liga del Valle II"]
[WhiteTeamCountry "COL"]
[BlackTeamCountry "COL"]

1. e4 c5 2. Nf3 d6 3. d4 cxd4 4. Nxd4 Nf6 5. Nc3 g6 6. Be3 Bg7 7. f3 0-0 8. Qd2 Nc6 9. 0-0-0 d5 10. Nxc6 bxc6 11. Bc4 e6 12. Bb3 Bb7 13. Na4 Qc7 14. Nc5 Rfd8 15. Nxb7 Qxb7 16. Bg5 Rdc8 17. exd5 cxd5 18. Qa5 Nd7 19. Be3 Ne5 20. Bd4 Nc6 21. Qa4 Nxd4 22. Rxd4 Bxd4 23. Qxd4 a5 24. Kb1 a4 0-1

[Event "COL Subzt 2.3.4"]
[Site "Risarald"]
[Date "2021.11.28"]
[Round "9"]
[White "Saladen Dulce, Rafael"]
[Black "Acuna, Nelson David"]
[Result "1/2-1/2"]
[WhiteElo "2173"]
[BlackElo "1994"]
[PlyCount "65"]
[EventDate "2021.11.23"]
[EventType "swiss"]
[EventRounds "9"]
[EventCountry "COL"]
[SourceTitle "CBM 205 Extra"]
[Source "ChessBase"]
[SourceDate "2022.01.31"]
[SourceVersion "1"]
[SourceVersionDate "2022.01.31"]
[SourceQuality "1"]

1. Nf3 c5 2. c4 Nc6 3. e3 Nf6 4. d4 cxd4 5. exd4 d5 6. Nc3 e6 7. Bg5 Be7 8. Bd3 0-0 9. 0-0 dxc4 10. Bxc4 b6 11. a3 Bb7 12. Ba2 Nd5 13. Bxe7 Ncxe7 14. Ne5 Nf4 15. f3 Nf5 16. Re1 Qxd4+ 17. Qxd4 Nxd4 18. Red1 Rfd8 19. Kf2 Nc6 20. Nc4 Ba6 21. b4 Nd3+ 22. Kg1 Bxc4 23. Bxc4 Nb2 24. Rxd8+ Rxd8 25. Ba6 g6 26. Rb1 Rd2 27. Nb5 Nb8 28. Bb7 a5 29. Nc3 Nd7 30. f4 Nf6 31. Bf3 axb4 32. axb4 Nd5 33. Bxd5 1/2-1/2

[Event "COL Subzt 2.3.4"]
[Site "Risarald"]
[Date "2021.11.26"]
[Round "6"]
[White "Acuna, Nelson David"]
[Black "Mena Mayo, Jairo"]
[Result "1-0"]
[WhiteElo "1994"]
[BlackElo "1822"]
[PlyCount "81"]
[EventDate "2021.11.23"]
[EventType "swiss"]
[EventRounds "9"]
[EventCountry "COL"]
[SourceTitle "CBM 205 Extra"]
[Source "ChessBase"]
[SourceDate "2022.01.31"]
[SourceVersion "1"]
[SourceVersionDate "2022.01.31"]
[SourceQuality "1"]

1. d4 Nf6 2. Nc3 d6 3. e4 Bg4 4. f3 Bh5 5. Bg5 Nbd7 6. Qd2 h6 7. Bh4 c6 8. 0-0-0 g5 9. Bg3 Qa5 10. Kb1 0-0-0 11. Nge2 Bg7 12. Nc1 c5 13. Nd5 Qxd2 14. Nxe7+ Kc7 15. Rxd2 Rhe8 16. Nf5 Bf8 17. Nb3 Bg6 18. dxc5 Bxf5 19. cxd6+ Kb8 20. exf5 Nh5 21. Bf2 a6 22. Bc4 Ne5 23. Be2 Rxd6 24. Rhd1 Rxd2 25. Rxd2 Nf4 26. g3 Nh3 27. Bd4 Nc6 28. Bb6 f6 29. a3 h5 30. Ka2 g4 31. fxg4 Bh6 32. g5 Bxg5 33. Bxh5 Rh8 34. Re2 Ne5 35. Bg6 Nd7 36. Bd4 Kc7 37. Nc5 Nxc5 38. Bxc5 Rd8 39. b4 Rd1 40. Re7+ Kc6 41. Be8+ 1-0

[Event "COL Subzt 2.3.4"]
[Site "Risarald"]
[Date "2021.11.26"]
[Round "7"]
[White "Lopez Ramirez, Daniel Giovanny"]
[Black "Acuna, Nelson David"]
[Result "1/2-1/2"]
[WhiteElo "1790"]
[BlackElo "1994"]
[PlyCount "106"]
[EventDate "2021.11.23"]
[EventType "swiss"]
[EventRounds "9"]
[EventCountry "COL"]
[SourceTitle "CBM 205 Extra"]
[Source "ChessBase"]
[SourceDate "2022.01.31"]
[SourceVersion "1"]
[SourceVersionDate "2022.01.31"]
[SourceQuality "1"]

1. e4 e5 2. Nf3 Nc6 3. Bb5 a6 4. Ba4 Nf6 5. d3 b5 6. Bb3 Be7 7. h3 0-0 8. Bg5 d6 9. a3 Nd7 10. Bxe7 Nxe7 11. Nc3 Nc5 12. Ba2 Be6 13. Bxe6 Nxe6 14. d4 exd4 15. Nxd4 Ng6 16. Nf5 Nc5 17. 0-0 Qg5 18. Qg4 Qxg4 19. hxg4 Rfe8 20. f3 Nf4 21. g3 Nfe6 22. Nd5 g6 23. Nf6+ Kh8 24. Nxe8 Rxe8 25. Ne3 Kg7 26. Kf2 Ng5 27. Rad1 h6 28. Nd5 Rc8 29. Rfe1 f6 30. b4 Nd7 31. c4 bxc4 32. Rd4 Ne5 33. f4 Ne6 34. fxe5 Nxd4 35. exf6+ Kf7 36. Rc1 c6 37. Rxc4 Nb5 38. a4 Na7 39. Ne7 Re8 40. Nxc6 Nxc6 41. Rxc6 Rxe4 42. Rxd6 a5 43. bxa5 Rxa4 44. a6 Rxg4 45. Kf3 Ra4 46. Ke3 h5 47. Kd3 g5 48. Kc3 h4 49. Kb3 Ra1 50. gxh4 gxh4 51. Kb4 h3 52. Rd7+ Kxf6 53. Rh7 Kg6 1/2-1/2

[Event "COL Subzt 2.3.4"]
[Site "Risarald"]
[Date "2021.11.23"]
[Round "1"]
[White "Castro Castro, Joaquin"]
[Black "Acuna, Nelson David"]
[Result "1/2-1/2"]
[WhiteElo "1607"]
[BlackElo "1994"]
[PlyCount "123"]
[EventDate "2021.11.23"]
[EventType "swiss"]
[EventRounds "9"]
[EventCountry "COL"]
[SourceTitle "CBM 205 Extra"]
[Source "ChessBase"]
[SourceDate "2022.01.31"]
[SourceVersion "1"]
[SourceVersionDate "2022.01.31"]
[SourceQuality "1"]

1. e4 c5 2. Nf3 Nc6 3. d4 cxd4 4. Nxd4 g6 5. c4 Nf6 6. Nc3 Bg7 7. Be3 0-0 8. Be2 d6 9. f3 Bd7 10. Qd2 Nxd4 11. Bxd4 Bc6 12. 0-0 Nd7 13. Be3 a5 14. b3 Nc5 15. Rac1 e6 16. Rfd1 Be5 17. g3 Qe7 18. Bf1 f5 19. Nb5 Bxb5 20. cxb5 b6 21. Bg2 Rad8 22. f4 Bf6 23. exf5 gxf5 24. Qf2 Qg7 25. Rc2 Be7 26. Bc6 d5 27. Bd4 Qg6 28. Qe3 h5 29. a3 h4 30. b4 axb4 31. axb4 Ne4 32. Bxb6 hxg3 33. hxg3 Bxb4 34. Rd3 Rc8 35. Rb2 Bd6 36. Bd4 Kf7 37. Rg2 Rh8 38. Bxh8 Rxh8 39. Qa7+ Be7 40. Kf1 Rh1+ 41. Rg1 Rh2 42. Rg2 Qh5 43. Rxh2 Qxh2 44. Qg1 Qc2 45. Qe3 Bc5 46. Qe2 Qc1+ 47. Qd1 Qc4 48. Qh5+ Kg7 49. Qe2 Bf2 50. Kg2 Bb6 51. Qb2+ Kf7 52. Rf3 Qc5 53. Qb1 Qd4 54. Qc1 Nd2 55. Qh1 Nxf3 56. Qh5+ Kg7 57. Qxf3 Qd2+ 58. Kh3 Bg1 59. Qg2 Qd1 60. g4 Qxg4+ 61. Qxg4+ fxg4+ 62. Kxg4 1/2-1/2

[Event "Feria de las Flores 28th"]
[Site "Medellin"]
[Date "2021.08.07"]
[Round "6"]
[White "Acuna, Nelson David"]
[Black "Mora Munoz, Alejandro"]
[Result "1-0"]
[WhiteElo "2034"]
[BlackElo "1761"]
[PlyCount "67"]
[EventDate "2021.08.04"]
[EventType "swiss"]
[EventRounds "9"]
[EventCountry "COL"]
[SourceTitle "EXT 2022"]
[Source "ChessBase"]
[SourceDate "2021.10.06"]
[SourceVersion "1"]
[SourceVersionDate "2021.10.06"]
[SourceQuality "1"]

1. e4 c5 2. Nf3 d6 3. d4 cxd4 4. Nxd4 Nf6 5. Nc3 a6 6. Bg5 e6 7. f4 Qb6 8. Qd2 Qxb2 9. Rb1 Qa3 10. Bxf6 gxf6 11. Be2 Qc5 12. Na4 Qc7 13. Nb6 Ra7 14. f5 e5 15. Nd5 Qd8 16. Ne6 Bxe6 17. fxe6 fxe6 18. Bh5+ Kd7 19. Qf2 Qa5+ 20. Ke2 Nc6 21. Qxf6 Nd4+ 22. Kd3 exd5 23. Qxh8 dxe4+ 24. Kxe4 Qd2 25. Qxf8 d5+ 26. Kxe5 Nc6+ 27. Kf5 Ne7+ 28. Kg4 Qxg2+ 29. Kh4 Qe4+ 30. Bg4+ Kc7 31. Qf7 Kd8 32. Rhe1 Ng6+ 33. Kg3 Qa4 34. Qg8+ 1-0

[Event "Feria de las Flores 28th"]
[Site "Medellin"]
[Date "2021.08.04"]
[Round "1"]
[White "Ospina Betancur, Santiago"]
[Black "Acuna, Nelson David"]
[Result "1-0"]
[WhiteElo "1280"]
[BlackElo "2034"]
[PlyCount "67"]
[EventDate "2021.08.04"]
[EventType "swiss"]
[EventRounds "9"]
[EventCountry "COL"]
[SourceTitle "EXT 2022"]
[Source "ChessBase"]
[SourceDate "2021.10.06"]
[SourceVersion "1"]
[SourceVersionDate "2021.10.06"]
[SourceQuality "1"]

1. e4 c5 2. Nc3 Nc6 3. Bb5 g6 4. d3 Bg7 5. f4 Nd4 6. Bc4 a6 7. a4 Rb8 8. Nf3 e6 9. Nxd4 cxd4 10. Ne2 Ne7 11. 0-0 0-0 12. Qe1 d5 13. exd5 Nxd5 14. Qf2 b5 15. axb5 axb5 16. Bb3 Ne7 17. Bd2 Nf5 18. Ng3 Bb7 19. Ra7 Ne3 20. Rfa1 Ng4 21. Qe2 Nxh2 22. Be1 Qh4 23. Ne4 Qxf4 24. Bg3 Qg4 25. Qxg4 Nxg4 26. Bxb8 Rxb8 27. Nd6 Bc6 28. Nxf7 Ne3 29. Bxe6 Bxg2 30. Ng5+ Kh8 31. Rd7 Rf8 32. Nf7+ Kg8 33. Raa7 h5 34. Ng5+ 1-0

[Event "COL-chT 21st"]
[Site "Cartagena"]
[Date "2019.11.30"]
[Round "3.4"]
[White "Acuna, Nelson David"]
[Black "Casas, Jose Fernando"]
[Result "1-0"]
[WhiteElo "2013"]
[BlackElo "1774"]
[PlyCount "44"]
[EventDate "2019.11.30"]
[EventType "team-swiss"]
[EventRounds "9"]
[EventCountry "COL"]
[SourceTitle "CBM 195 Extra"]
[Source "ChessBase"]
[SourceDate "2020.05.31"]
[SourceVersion "1"]
[SourceVersionDate "2020.05.31"]
[SourceQuality "1"]
[WhiteTeam "Atlantico"]
[BlackTeam "Fuerzas Armadas"]
[WhiteTeamCountry "COL"]
[BlackTeamCountry "COL"]

1. e4 c5 2. Nf3 Nc6 3. Bc4 e6 4. 0-0 a6 5. a4 Be7 6. Nc3 Nf6 7. e5 Ng4 8. Re1 d5 9. exd6 Bxd6 10. Ne4 0-0 11. d3 Na5 12. Ba2 Ne5 13. Nxe5 Bxe5 14. Qh5 Bf6 15. Nxc5 Qb6 16. Ne4 Bd4 17. c3 f5 18. cxd4 fxe4 19. dxe4 Qxd4 20. Be3 Qxb2 21. Qxa5 Bd7 22. Rad1 Qxf2+ 1-0

[Event "COL-chT 21st"]
[Site "Cartagena"]
[Date "2019.11.30"]
[Round "9.4"]
[White "Acuna, Nelson David"]
[Black "Herrera, Juan Sebastian"]
[Result "0-1"]
[WhiteElo "2013"]
[BlackElo "2308"]
[PlyCount "74"]
[EventDate "2019.11.30"]
[EventType "team-swiss"]
[EventRounds "9"]
[EventCountry "COL"]
[SourceTitle "CBM 195 Extra"]
[Source "ChessBase"]
[SourceDate "2020.05.31"]
[SourceVersion "1"]
[SourceVersionDate "2020.05.31"]
[SourceQuality "1"]
[WhiteTeam "Atlantico"]
[BlackTeam "Valle"]
[WhiteTeamCountry "COL"]
[BlackTeamCountry "COL"]

1. d4 g6 2. Nf3 Bg7 3. b3 d6 4. Bb2 Nd7 5. e3 a6 6. Nbd2 b6 7. Be2 Bb7 8. 0-0 Ngf6 9. c4 0-0 10. Qc2 c5 11. d5 e6 12. e4 exd5 13. exd5 b5 14. Bd3 b4 15. Rfe1 a5 16. Re2 a4 17. Rae1 Re8 18. Rxe8+ Nxe8 19. Bxg7 Kxg7 20. bxa4 Nb6 21. Ne4 Nxa4 22. h4 Nf6 23. Nfg5 h6 24. Nxf6 Qxf6 25. Ne4 Qe7 26. Qd2 Re8 27. Re3 Qe5 28. Bc2 Nb6 29. Qe2 Ra8 30. Bb3 Rd8 31. g3 Ba6 32. Kg2 Nxd5 33. Rd3 Nf6 34. f3 d5 35. cxd5 Bxd3 36. Qxd3 Nxd5 37. Qc4 Ne3+ 0-1

[Event "COL-chT 21st"]
[Site "Cartagena"]
[Date "2019.11.30"]
[Round "1.4"]
[White "Acuna, Nelson David"]
[Black "Lopez Hernandez, Carlos Manuel"]
[Result "0-1"]
[WhiteElo "2013"]
[BlackElo "2249"]
[PlyCount "68"]
[EventDate "2019.11.30"]
[EventType "team-swiss"]
[EventRounds "9"]
[EventCountry "COL"]
[SourceTitle "CBM 195 Extra"]
[Source "ChessBase"]
[SourceDate "2020.05.31"]
[SourceVersion "1"]
[SourceVersionDate "2020.05.31"]
[SourceQuality "1"]
[WhiteTeam "Atlantico"]
[BlackTeam "Bolivar"]
[WhiteTeamCountry "COL"]
[BlackTeamCountry "COL"]

1. e4 c5 2. Nf3 Nc6 3. Nc3 Nf6 4. Bc4 e6 5. d3 Be7 6. 0-0 d5 7. Bb3 0-0 8. a3 Nd4 9. Ba2 dxe4 10. dxe4 Nc6 11. Be3 b6 12. h3 Bb7 13. Qc1 Nd4 14. Rd1 Nxf3+ 15. gxf3 Qc7 16. Bf4 Qc6 17. Qe3 Rad8 18. Kh2 Nh5 19. Bg5 Qc7+ 20. Kg2 Bxg5 21. Qxg5 Nf4+ 22. Kf1 Rd4 23. Ne2 Ba6 24. c4 Nxe2 25. Kxe2 Rfd8 26. b3 h6 27. Qg1 Qd6 28. a4 Rd2+ 29. Rxd2 Qxd2+ 30. Kf1 Rd3 31. Kg2 Qc3 32. Rc1 Qd4 33. Qe1 Bb7 34. Bb1 Rd2 0-1

[Event "COL-chT 21st"]
[Site "Cartagena"]
[Date "2019.11.30"]
[Round "6.4"]
[White "Basilio Santos, Eleazar"]
[Black "Acuna, Nelson David"]
[Result "1-0"]
[WhiteElo "1494"]
[BlackElo "2013"]
[PlyCount "85"]
[EventDate "2019.11.30"]
[EventType "team-swiss"]
[EventRounds "9"]
[EventCountry "COL"]
[SourceTitle "CBM 195 Extra"]
[Source "ChessBase"]
[SourceDate "2020.05.31"]
[SourceVersion "1"]
[SourceVersionDate "2020.05.31"]
[SourceQuality "1"]
[WhiteTeam "Sucre"]
[BlackTeam "Atlantico"]
[WhiteTeamCountry "COL"]
[BlackTeamCountry "COL"]

1. d4 Nf6 2. Bf4 e6 3. e3 d5 4. Nf3 Bd6 5. Bg3 c5 6. c3 Qc7 7. Nbd2 Nbd7 8. Bb5 c4 9. Ba4 0-0 10. Bc2 e5 11. dxe5 Nxe5 12. Nxe5 Bxe5 13. Nf3 Bd6 14. 0-0 Bxg3 15. hxg3 Bg4 16. Qd4 Rad8 17. Ne5 Be6 18. Rab1 a5 19. Rfd1 b5 20. Qf4 Qb6 21. g4 Qb8 22. g5 Nh5 23. Qh2 g6 24. Rd4 b4 25. Rh4 f6 26. gxf6 Rxf6 27. g4 b3 28. axb3 cxb3 29. Bd3 Rdf8 30. f4 Qa7 31. Re1 Nxf4 32. Nc6 Qc7 33. exf4 Rxf4 34. Bxg6 Qxc6 35. Bxh7+ Kg7 36. Bf5 Qc5+ 37. Kh1 Rf1+ 38. Rxf1 Bxf5 39. gxf5 Qe3 40. Rg1+ Kf6 41. Qd6+ Kxf5 42. Rf1+ Kg5 43. Qh6# 1-0

[Event "COL-chT"]
[Site "Cartagena"]
[Date "2019.11.28"]
[Round "7.3"]
[White "Acuna, Nelson David"]
[Black "Basilio, Enoc"]
[Result "1-0"]
[WhiteElo "2017"]
[BlackElo "1934"]
[PlyCount "45"]
[EventDate "2019.11.24"]
[EventType "team-swiss"]
[EventRounds "7"]
[EventCountry "COL"]
[SourceTitle "CBM 193 Extra"]
[Source "ChessBase"]
[SourceDate "2020.01.31"]
[SourceVersion "1"]
[SourceVersionDate "2020.01.31"]
[SourceQuality "1"]
[WhiteTeam "Atlantico"]
[BlackTeam "Sucre"]
[WhiteTeamCountry "COL"]
[BlackTeamCountry "COL"]

1. e4 e5 2. Nf3 Nc6 3. Bc4 Bc5 4. 0-0 Nf6 5. d4 exd4 6. e5 d5 7. exf6 dxc4 8. fxg7 Rg8 9. Bg5 Qd5 10. Re1+ Be6 11. Nc3 Qf5 12. Ne4 Be7 13. Bxe7 Kxe7 14. Nxd4 Nxd4 15. Qxd4 b6 16. Rad1 Qg6 17. Qe5 Rac8 18. Ng3 Rxg7 19. Nf5+ Kf8 20. Nxg7 Qxg7 21. Qf4 Ke7 22. Qh4+ Qf6 23. Rd7+ 1-0